000 00569nam a2200181Ia 4500
001 21342
005 20260306172912.0
008 260306t2007||||xx |||||||||||||| ||spa||
041 _aESP
082 _a344.528
_bG22
100 _aGarcía Navarro, Edward
_eAUT
245 0 _aEl delito de abuso de autoridad:
_bun estudio sobre las estructuras de imputación del delito de abuso de funciones con base en la doctrina y la jurisprudencia penales
260 _c2007
300 _a189 páginas :
_c20 cm.
650 _aGEN
654 _aCDE
942 _cLIB
_dJUS
_fJUS
_2ddc
_n
999 _c21342
_d21342